| 000 | 01056nam a2200241Ia 4500 | ||
|---|---|---|---|
| 999 |
_c40998 _d40998 |
||
| 001 | 7646 | ||
| 003 | GE_BSU | ||
| 005 | 20240122151401.0 | ||
| 008 | 181216s2008||||ge |||||||||||||| ||geo|| | ||
| 020 | _a978–99940–24–26–1 | ||
| 040 | _cGE_BSU | ||
| 041 | _ageo | ||
| 080 | _a821.353.1-32 დ–79 | ||
| 100 |
_aდოჩანაშვილი, გურამ _918694 |
||
| 245 |
_aორი მოთხრობა : _b"გივიზე" და ძმები კეჟერაძეების დაზე / _cგურამ დოჩანაშვილი ; რედ. ნანა მაღრიშვილი–ღუდუშაური. |
||
| 264 |
_aთბილისი : _bგამ–ბა ანბანი, _c2008. |
||
| 300 |
_a123 გვ. ; _c 20 სმ. |
||
| 541 | _h4 ლ. | ||
| 653 | _aმოთხრობა | ||
| 653 | _aორი მოთხრობა | ||
| 700 |
_aმაღრიშვილი–ღუდუშაური, ნანა _eრედაქტორი _921084 |
||
| 942 |
_cBK _2udc |
||